[Event "Match"]
[Site "Astana KAZ"]
[Date "2006.12.18"]
[Round "1"]
[White "Ismagambetov,A2"]
[Black "Andriasian,Z"]
[Result "1/2-1/2"]
[WhiteElo "2418"]
[BlackElo "2463"]
[EventDate "2006.12.18"]

1. e4 c5 2. Nf3 d6 3. d4 cxd4 4. Nxd4 Nf6 5. Nc3 a6 6. Be2 e5 7. Nb3 Be7 8.
O-O O-O 9. a4 Be6 10. Bf3 Nc6 11. a5 Bxb3 12. cxb3 Nxa5 13. Bg5 Nc6 14.
Bxf6 Bxf6 15. Nd5 Bg5 16. Bg4 g6 17. Qd3 Bh6 18. g3 Kh8 19. f4 Bg7 20. f5
h5 21. Bh3 Nb4 22. Nxb4 Qb6+ 23. Kh1 Qxb4 24. g4 d5 25. gxh5 Qxe4+ 26. Qxe4
dxe4 27. hxg6 fxg6 28. fxg6 Bh6 29. Kg2 Bf4 30. Rad1 Rf6 31. g7+ Kxg7 32.
Rd7+ Rf7 33. Rfd1 Rh8 34. Rh1 Rg8 35. Kf2 Rxd7 36. Bxd7 Kf6 37. Re1 Ke7 38.
Bh3 Rh8 39. Bg2 e3+ 40. Kf1 Rxh2 41. Bxb7 Rf2+ 42. Kg1 a5 43. Ba6 Rxb2 44.
Bc4 Rc2 45. Re2 Rc1+ 46. Kg2 Rd1 47. Kf3 Rd2 48. Rxd2 exd2 49. Be2 Kd6 50.
Ke4 Kc5 51. Kd3 Kb4 52. Kc2 e4 53. Bg4 Kc5 54. Bh5 Kd4 55. Bg4 Ke3 56. Bh5
Bd6 57. Bg4 Bb4 58. Bh5 Kf2 59. Kd1 Kg3 60. Be2 Kh4 61. Kc2 Kg5 62. Kd1 Kf4
63. Bh5 Ke3 64. Kc2 1/2-1/2

[Event "Match"]
[Site "Astana KAZ"]
[Date "2006.12.19"]
[Round "2"]
[White "Andriasian,Z"]
[Black "Ismagambetov,A2"]
[Result "1-0"]
[WhiteElo "2463"]
[BlackElo "2418"]
[EventDate "2006.12.18"]

1. e4 e5 2. Nf3 Nc6 3. d4 exd4 4. Nxd4 Bc5 5. Nxc6 Qf6 6. Qf3 dxc6 7. Bc4
Qxf3 8. gxf3 Be6 9. Bxe6 fxe6 10. Be3 Bxe3 11. fxe3 Nf6 12. Rg1 Kf7 13. Nd2
g6 14. Nc4 a5 15. a4 Nd7 16. Rd1 Ke7 17. Rg5 b6 18. Ke2 Rhb8 19. b3 b5 20.
Nb2 Kf6 21. h4 h6 22. Rgg1 Nb6 23. Rd3 bxa4 24. bxa4 Nd5 25. Nc4 Rb4 26.
Nd2 Nb6 27. f4 Rxa4 28. Rc3 Rb4 29. Rxc6 Ra7 30. h5 gxh5 31. f5 Kf7 32.
Rxe6 Nd7 33. Rxh6 Ne5 34. Nf3 Ng4 35. Rh7+ Kf8 36. Nd4 Rb6 37. Rxh5 1-0

[Event "Match Rapid"]
[Site "Astana KAZ"]
[Date "2006.12.20"]
[Round "3"]
[White "Ismagambetov,A2"]
[Black "Andriasian,Z"]
[Result "1/2-1/2"]
[WhiteElo "2418"]
[BlackElo "2463"]
[EventDate "2006.12.18"]

1. e4 c5 2. Nf3 d6 3. d4 cxd4 4. Nxd4 Nf6 5. Nc3 a6 6. Be2 e5 7. Nb3 Be7 8.
O-O O-O 9. a4 Nc6 10. Bf3 Be6 11. Nd5 Bxd5 12. exd5 Na5 13. Nd2 Rc8 14. b3
b6 15. Ba3 Nd7 16. Be2 Ra8 17. Re1 f5 18. f3 Nb7 19. Nf1 Bf6 20. Rb1 b5 21.
axb5 axb5 22. Bb4 Qb6+ 23. Kh1 Nbc5 24. Ra1 e4 25. Rxa8 Rxa8 26. Qd2 Na6
27. fxe4 Nxb4 28. Qxb4 Qf2 29. Bxb5 Bd4 30. Ng3 Bc5 31. Qc3 Bd4 32. Qb4
1/2-1/2

[Event "Match Rapid"]
[Site "Astana KAZ"]
[Date "2006.12.20"]
[Round "4"]
[White "Andriasian,Z"]
[Black "Ismagambetov,A2"]
[Result "1/2-1/2"]
[WhiteElo "2463"]
[BlackElo "2418"]
[EventDate "2006.12.18"]

1. e4 e5 2. Nf3 Nc6 3. d4 exd4 4. Nxd4 Bc5 5. Nxc6 Qf6 6. Qf3 dxc6 7. Bc4
Ne7 8. Qxf6 gxf6 9. Bf4 Bd6 10. Bxd6 cxd6 11. Nd2 Be6 12. O-O-O 1/2-1/2